000 00466nam a22001575i 4500
001 169740
003 ES-MaACL
005 20230906214200.0
008 081118s1870 sp |||| | spa d
080 _a711.4.035(460.152 B.)
245 0 3 _aLa cuestión del ensanche de Bilbao.
260 _aMadrid :
_b[s.n.],
_c1870 (
_fImp. de T. Fortanet)
300 _a37 p. ;
_c23 cm.
651 4 _aBilbao-
_xPlanes urbanísticos-
_yS.XIX.
_97884
852 4 _aES-MaACL
_jT-104-F-4
999 _c169740
_d169740